MDQL
is popping MORE tags! Check the
thread
!
Quizzes
Events
Quiz Creation
Community
Videos
Private Events
Remove Ads
Sign In
Join for FREE
Feedback
Dark Mode
Quiz Categories
Sports
Geography
Music
Movies
Television
Just For Fun
Miscellaneous
History
Literature
Language
Science
Gaming
Entertainment
Religion
Holiday
For Kids
Quiz Lab
Recent
Popular Today
Quiz Kudos Today
Editor Picks
Curator Picks
Quizzes by...
Day
Popularity
Type
Ratings
Length
Year
Community
Subscriptions
Recent Discussions
Orange Saloon
Badges
Playlists
Quests
Create
Leaderboards
Showdown
Live 5
Trivia Bingo
Activity
Puzzle Library
Sporcle Events
Private Events
Virtual Trivia
Globe League
Become a Host
Pub Owners
SporcleCon
Opinionation
Our Games
Videos
Blog
Mobile Apps
Partnerships
Remove Ads and Go Orange
Feedback
Music
Pop Music
The Beatles
Song
Album
Lyrics
Bands
Singers
Artist
Clip
Rock
Rap
Classical
Billboard
Country Music
Kpop
Taylor Swift
Music
Pop Music
The Beatles
Song
Album
Lyrics
Bands
Singers
Artist
Clip
Rock
Rap
Classical
Billboard
Country Music
Kpop
Taylor Swift
Random Quiz
Search Sporcle
×
Quiz Lab
Quiz Lab
Music
Song
Type in answers that appear in a list
Type in answers that appear in a list
Classic
Best Score? Go Orange.
Cee Lo's new song Stats
Can you name the lyrics to Cee Lo's new song?
By
rockgolf
8m
158 Questions
535 Plays
535 Plays
535 Plays
Comments
Comments
Give Quiz Kudos
Give Quiz Kudos
-
- Ratings
hide this ad
Replay
Link that replays current quiz
Next Quiz
Link to next quiz in quiz playlist
You Got
0%
They Got
Avg Score
73%
Avg Friend Score
Upgrade to see
Score Distribution
Jump to the score distribution portion of the page
Score
0/158
Timer
08:00
0
Plays Today
Verse
Lyric
% Correct
First verse
I
98.7%
First verse
I
98.7%
First verse
I
98.7%
Second verse
I
98.7%
Second verse
I
98.7%
Bridge
I
98.7%
Bridge
I
98.7%
Bridge
I
98.7%
Third verse
I
98.7%
Fourth verse
I
98.7%
Fourth verse
I
98.7%
First verse
you
98.1%
First verse
you!
98.1%
First verse
you!
98.1%
Second verse
ya
98.1%
Second verse
you
98.1%
Second verse
you!
98.1%
Bridge
you
98.1%
Bridge
you
98.1%
Third verse
you
98.1%
Third verse
you
98.1%
Fourth verse
ya
98.1%
Fourth verse
ya
98.1%
Fourth verse
you
98.1%
First verse
the
97.8%
First verse
and
97.8%
First verse
the
97.8%
First verse
And
97.8%
Second verse
And
97.8%
Second verse
the
97.8%
Second verse
a
97.8%
Bridge
a
97.8%
Bridge
and
97.8%
Bridge
the
97.8%
Third verse
the
97.8%
Third verse
and
97.8%
Fourth verse
and
97.8%
Fourth verse
and
97.8%
Fourth verse
and
97.8%
First verse
forget
96.8%
First verse
forget
96.8%
First verse
forget
96.8%
Second verse
forget
96.8%
Fourth verse
to
92.9%
Fourth verse
to
92.9%
Fourth verse
to
92.9%
First verse
love
92.1%
Third verse
love
92.1%
Fourth verse
love
92.1%
First verse
With
90.8%
Second verse
with
90.8%
Second verse
with
90.8%
Third verse
with
90.8%
Verse
Lyric
% Correct
Fourth verse
with
90.8%
First verse
girl
90.3%
First verse
see
89.3%
First verse
like
89.3%
First verse
like
89.3%
First verse
I'm
89.2%
First verse
I'm
89.2%
Bridge
i'm
89.2%
Bridge
I'm
89.2%
First verse
driving
86.7%
First verse
Town
86.5%
First verse
in
85.4%
Second verse
in
85.4%
Third verse
in
85.4%
Fourth verse
in
85.4%
First verse
'round
84.5%
Second verse
was
83.9%
First verse
too!
83.7%
First verse
her
83.2%
First verse
my
83%
Second verse
my
83%
Bridge
an
81.3%
Second verse
that
80.6%
Bridge
that
80.6%
Third verse
that
80.6%
Fourth verse
that
80.6%
First verse
pocket
80%
First verse
change
79.6%
First verse
Wasn't
77.9%
First verse
enough
77.8%
First verse
guess
77.2%
Second verse
be
77.2%
Bridge
guess
77.2%
Second verse
ain't
75.3%
Bridge
ain't
75.3%
Fourth verse
ain't
75.3%
Second verse
some
71.4%
Third verse
some
71.4%
Second verse
still
70.5%
Second verse
still
70.5%
Second verse
if
69.9%
Second verse
s***?
69.2%
Bridge
get
68.2%
Bridge
But
67.9%
Bridge
But
67.9%
Bridge
there.
67.3%
Third verse
go
66.9%
Second verse
i'd
66.4%
Bridge
can't
65%
Bridge
can't
65%
Bridge
xbox
65%
Second verse
richer
64.9%
Bridge
Atari
63.9%
Verse
Lyric
% Correct
Bridge
your
63.6%
Third verse
your
63.6%
Bridge
Ferrari
63.4%
Bridge
don't
62.6%
Third verse
for
61.5%
Bridge
afford
61.1%
Bridge
sorry
60.6%
Second verse
wish
59.1%
Second verse
best
59.1%
Bridge
mean
59.1%
Bridge
more
57.9%
Third verse
fool
57%
Third verse
falls
56.4%
Bridge
way
56.3%
Bridge
he's
55.7%
Second verse
pain
55.5%
Second verse
now
54.6%
Fourth verse
Now
54.6%
Bridge
fair.
54%
Bridge
game
53.6%
Second verse
chest
53.1%
Bridge
play
52.7%
Third verse
pity
51.2%
Fourth verse
know
50.7%
Second verse
said
50.3%
Second verse
Ha
47.5%
Second verse
there's
46.7%
Third verse
Well
45.6%
Third verse
tell
42.2%
Third verse
boyfriend
42.1%
Third verse
little
41.5%
Third verse
got
40.4%
Second verse
although
40.2%
Bridge
Yeah
38.5%
Third verse
Yeah
38.5%
Third verse
news
37.2%
Fourth verse
lie
34.8%
Fourth verse
cheat.
34.6%
Fourth verse
a$$
34.2%
Fourth verse
steal
34%
Fourth verse
Beg
33.8%
Fourth verse
cheap.
33.5%
Fourth verse
please
32.5%
Third verse
I've
32.3%
Fourth verse
Trying
30.8%
Fourth verse
trying
30.8%
Fourth verse
had
30.5%
Fourth verse
being
29.9%
Fourth verse
borrow
29.7%
Fourth verse
'Cause
29.2%
Fourth verse
keep
27.5%
Third verse
run
26%
Quiz Playlist
Details
Report
Send in Message
Add To Playlist
Classic:
Type in answers that appear in a list
Last Updated: Feb 16, 2017
Quiz Scoreboard
CHALLENGE
Sign Up to Join the Scoreboard
Show All
Scores
Hide
Comments
May contain spoilers
Recently Published
1-10 Letter E Words III
by El_Dandy
Language
2m
Street Fighter Characters
by Artimus82
Gaming
60s
College Basketball Coaching Resumes
by pancakes188
Sports
9m
More to Explore
Quiz From the Vault
Featured Blog Post
Where Did the Easter Bunny Come From?
hide this ad
You Might Also Like...
Tags
Song Quiz
Verse Quiz
cee
Today's Top Quizzes in Music
Browse Music
hide this ad
Today's Top Quizzes in Song
Browse Song
Top Contributed Quizzes in Music
1
Taylor Swift All Songs (2024)
2
Taylor Swift Logic Puzzle
3
Guess the Artist- 70s Songs
4
7-to-1: Billboard Hot 100 #1 Hits of 2010s
5
Sorting Albums and Songs
6
Billboard Blitz: Aretha Franklin
7
KPOP LOGIC QUIZ
8
Guess the Taylor Swift song (Mystery Song)
9
Guess The Taylor Swift Lyrics Song #1
10
Billboard Blitz: ABBA
Explore More
Trending Topics
Disney
Kpop
Crossword
Anime
NBA
Harry Potter
Marvel
WWE
Puzzle
Soccer
The Office
Pokémon
Song
Country
NFL
hide this ad
More By:
rockgolf
Quiz
Plays
Rating
Category
Featured
Created
The Beatles or Rebecca Black?
1,630,154
3.11
Music
May 3, 2011
Harry Potter Safe Cracker
996,423
4.43
Literature
Dec 3, 2010
Progressively Tougher World Capitals
989,644
4.60
Geography
Feb 28, 2010
Big 4 Sports Logos by Letter
902,372
4.10
Sports
Jan 23, 2010
Figure Out the Lyrics III
534,470
4.36
Music
Dec 14, 2009
Go to Creator's Profile
Score Distribution
Quiz Creator Spotlight
rockgolf
Follow
Send a Message
Quizzes Created
-
Created Quiz Play Count
-
More By This Creator
Popular Quizzes Today
1
Find the US States - No Outlines Minefield
2
Find the Countries of Europe - No Outlines Minefield
3
The Countries of the World
4
Find the US States
5
Risky Map Clicking: Biggest States A-Z
6
US States
7
Popular People in 1961
8
Movies - When Are They Set?
More Music Quizzes
Legend Album Map
Published
Trending Quizzes
Risky Map Clicking: Least Populous States A-Z
Billboard Blitz: Aretha Franklin
Famous Russians: Author or Composer?
1-10 Letter G Words
Countries of the World: 200 Million BC
Recently Updated
Leaping Animals
pecheneg
Reality TV Shows (A-Z)
bhenderson79
Rickey Henderson's Hall of Fame Teammates
pecheneg
Champions League XIs: Arsenal
pecheneg
Quick Pick: Celebrities in WWE's Hall of Fame
aduchscher
A-Z Keypad Blitz II
pecheneg
Multiple Oscar Actors
pecheneg
Mystery Phrase Blitz: Oscar 'Best Actors'
pecheneg
F. Scott Fitzgerald Novels
LTH
Pick 3 Villains
ddd62291
Trending Topics
Harry Potter
Crossword
Kpop
NBA
Marvel
Anime
Disney
NFL
Country
WWE
Pokémon
The Office
Soccer
Song
Puzzle
Your Account Isn't Verified!
In order to create a playlist on Sporcle, you need to verify the email address you used during registration. Go to your
Sporcle Settings
to finish the process.
Report this User
Report this user for behavior that violates our
Community Guidelines
.
Details:
Send Report
Go to the Sporcle.com Mobile Site →
Comments